Leonardo / (Record no. 184213)
[ view plain ]
| 000 -LEADER | |
|---|---|
| campo de control de longitud fija | 00830nam a2200229 i 4500 |
| 001 - NÚMERO DE CONTROL | |
| campo de control | 184213 |
| 003 - IDENTIFICADOR DE NÚMERO DE CONTROL | |
| campo de control | ES-MaACL |
| 005 - FECHA Y HORA DE LA ÚLTIMA TRANSACCIÓN | |
| campo de control | 20230906222115.0 |
| 008 - DATOS DE LONGITUD FIJA--INFORMACIÓN GENERAL | |
| campo de control de longitud fija | 150508s1970 sp ao |||| |bspa d |
| 080 ## - NÚMERO DE LA CLASIFICACIÓN DECIMAL UNIVERSAL | |
| Número de la Clasificación Decimal Universal | 929:75 Leonardo da Vinci |
| 100 1# - ENTRADA PRINCIPAL--NOMBRE DE PERSONA | |
| Nombre de persona | Bortolon, Liana. |
| 9 (RLIN) | 156820 |
| 245 10 - MENCIÓN DEL TÍTULO | |
| Título | Leonardo / |
| Mención de responsabilidad, etc. | texto de Liana Bortolón ; traducción y adaptación de Mª Dolores Sánchez Díaz y M. García-Viñó. |
| 260 ## - PUBLICACIÓN, DISTRIBUCIÓN, ETC. | |
| Lugar de publicación, distribución, etc. | Madrid : |
| Nombre del editor, distribuidor, etc. | Prensa Española, |
| Fecha de publicación, distribución, etc. | [1970] |
| 300 ## - DESCRIPCIÓN FÍSICA | |
| Extensión | 75 p. : |
| Otras características físicas | il. col. y n. ; |
| Dimensiones | 29 cm. |
| 490 1# - MENCIÓN DE SERIE | |
| Mención de serie | Grandes de todos los tiempos |
| 598 ## - NOTA LOCAL | |
| Nota local | Publicación mensual; jul. 1970. |
| 600 14 - PUNTO DE ACCESO ADICIONAL DE MATERIA--NOMBRE DE PERSONA | |
| Nombre de persona | Leonardo da Vinci, |
| Fechas asociadas al nombre | 1452-1519 |
| 9 (RLIN) | 71671 |
| 700 1# - ENTRADA AGREGADA--NOMBRE PERSONAL | |
| Nombre de persona | García Viñó, M. |
| 9 (RLIN) | 55416 |
| 830 0# - PUNTO DE ACCESO ADICIONAL DE SERIE-TÍTULO UNIFORME | |
| Título uniforme | Grandes de todos los tiempos |
| 9 (RLIN) | 184021 |
| 852 ## - LOCALIZACIÓN | |
| Ubicación | ES-MaACL |
| Número de control de estantería | E-15613 |
| Nota libre | . - enc. cart. |
| Estatus retirado | Estado de pérdida | Estado de daño | No para préstamo | Biblioteca de origen | Biblioteca actual | Ubicación en estantería | Fecha de adquisición | Fuente de adquisición | Total de préstamos | Signatura topográfica completa | Código de barras | Visto por última vez | Precio de reemplazo | Tipo de ítem Koha |
|---|---|---|---|---|---|---|---|---|---|---|---|---|---|---|
| Biblioteca del Ateneo de Madrid | Biblioteca del Ateneo de Madrid | Depósito 2 | 08/05/2015 | E-15613 | 1193775 | 23/02/2023 | 23/02/2023 | Libro impreso |
